000 00424nam a2200157Ia 4500
005 20250430044617.0
008 240331s9999 xx 000 0 und d
020 _a9559584405
082 _bKAR
_a891
100 _aKarunarathne,K
245 0 _aHiru uda weyi
260 _aColombo
_bDayawansa Jayakody & Co. Ltd
_c1995
300 _a364 p .,
500 _aThe Translation of Ernest Hemingway's The sun also rises
942 _cL
999 _c4813
_d4813